000 01258cam a22002771i 4500
003 SA-RiAUC
005 20250407074545.0
008 250327s1994 su g r f00000 ara c
040 _aSA-EnSBSSC
_bara
_cSA-RiAUC
_erda
043 _aa-su---
050 4 _bD83 1994
082 0 4 _a027.4531025
090 _a027.4531025
_b ض ب ي
100 1 _aالضبيعان، سعد عبد الله إبراهيم عبد الله،
_d1362 هجري-
_eمؤلف.
245 1 0 _aدليل المكتبات العامة في المملكة العربية السعودية /
_cسعد بن عبد الله الضبيعان.
264 1 _aالرياض :
_bمكتبة الملك فهد الوطنية،
_c1994
300 _a172 صفحة ؛
_c24 سم.
336 _aنص
_btxt
_2rdacontent
_3كتاب
337 _aبدون وسيط
_bn
_2rdamedia
338 _aمجلد
_bnc
_2rdacarrier
490 1 _aمطبوعات مكتبة الملك فهد الوطنية.
_aالسلسلة الثالثة ؛
_v11
650 7 _aالمكتبات العامة
_zالسعودية
_vأدلة
_2aucsh
830 0 _aمطبوعات مكتبة الملك فهد الوطنية.
_pالسلسلة الثالثة
_v11
942 _2ddc
_cBOOK
_n0
949 _aSA-JeALM
_d250327
_umohamedma123
_n1
999 _c6735
_d6735